000 01384nam a2200361 a 4500
003 mxchpua
005 20250806180039.0
007 ta
008 240528s2023 mx abdofs|||| 001 0 spa d
040 _amxchpua
090 _aT.C.911
_bA83 IAI
_c2023
245 1 0 _aInterrelación Agricultura-Industria :
_breporte final /
_ccoordinador J. Rogelio Ascencio Rivera
260 _aChapingo, México :
_bEl autor,
_c2023
300 _a1 recurso en línea (110 páginas) :
_bilustraciones, diagramas, gráficas, mapas, tablas, fotos
336 _2rdacontent
_atexto
_btxt
337 _2rdamedia
_acomputadora
_bc
338 _2rdacarrier
_arecurso en línea
_bcr
500 _aGrado: 5° año Grupo: 04
502 _aViaje de Estudios
_b(IAI) --
_cUACh. Departamento de Ingeniería Agroindustrial,
_d2023
504 _aBibliografía: páginas 108-110
650 1 3 _9152618
_aAgave fourcroydes
650 1 3 _953567
_aHenequén
650 1 3 _9143229
_aMiel y productos fabricados por abejas
650 1 3 _96241
_aApicultura
650 1 3 _98703
_aAvicultura
650 1 3 _9150524
_aFrutos
650 1 3 _9147739
_aHoney and bee products
650 1 3 _9147737
_aApiculture
650 1 3 _9160268
_aAviculture
650 1 3 _9150789
_aFruits
700 1 _9154289
_aAscencio Rivera, J. Rogelio
_ecoordinador
856 4 0 _uhttp://10.13.5.2/ve/TC911_IAI/TC911_IAI_2023-REPORTE.pdf
_yDESCARGAR REPORTE
999 _c219945
_d219945